Guess the Taylor Swift Song by the Lyrics #3 - Statistics

General Stats
  • This quiz has been taken 63 times
  • The average score is 323 of 458
Answer Stats
LYRICS % Correct
a
100%
I
100%
(I
100%
you
98%
You
98%
(You
98%
the
96%
And
94%
and
94%
To
94%
to
94%
me
92%
who
92%
your
92%
We
90%
do
88%
I'm
88%
no
88%
on
86%
what
86%
You're
86%
can
84%
in
84%
like
84%
Like
84%
my
84%
see
84%
So
84%
so
84%
(So
84%
all
82%
All
82%
(All
82%
but
82%
hear
82%
it
82%
love
80%
were
80%
is
78%
there
78%
thin
78%
Of
76%
at
74%
for
74%
not
74%
out
74%
out)
74%
this
74%
am
70%
just
70%
time
70%
time)
70%
With
70%
with
70%
I've
68%
never
68%
(Never
68%
now
68%
here
66%
up
66%
didn't
64%
(Didn't
64%
get
64%
right
62%
anymore
60%
Cause
60%
read
60%
think
60%
before
58%
exile
58%
eyes
58%
funny
58%
gave
58%
his
58%
honey
58%
seen
58%
around
56%
around)
56%
crying
56%
even
56%
leavin'
56%
mind
56%
mind)
56%
standing
56%
us
56%
arms
54%
body
54%
couldn't
54%
ending
54%
film
54%
many
54%
sign
54%
sign)
54%
things
54%
Those
54%
turn
54%
always
52%
amount
52%
door
52%
five
52%
joke's
52%
Laughin'
52%
problem
52%
step
52%
took
52%
whole
52%
you'd
52%
defending
50%
leave
50%
line
50%
minutes
50%
signs)
50%
signs
50%
very
50%
walked
50%
he's
48%
homeland
48%
Second
48%
seein'
48%
side
48%
town
48%
warning
48%
chances
46%
crown
46%
learned
46%
leaving
46%
turned
46%
add
44%
bloody
44%
pack
44%
third
44%
understudy
44%
breaking
42%
insult
42%
knuckles
42%
offending
42%
starin'
42%
Balancin'
40%
injury
40%
branches
38%
hall
34%
Holdin'
34%
Ooh
34%
ooh
34%
Ah
32%
ah
32%
hundredth
32%
No matching quizzes found
Score Distribution
Percent of People with Each Score
Percentile by Number Answered
Your Score History
You have not taken this quiz